Mary Jo Catlett Filmography - Statistics

General Stats
  • This quiz has been taken 3 times
  • The average score is 5 of 158
Answer Stats
Type Year Name % Correct
TV Show 1999-Present SpongeBob SquarePants
100%
Film 2015 The SpongeBob Movie: Sponge Out of Water
67%
Film 2004 The SpongeBob SquarePants Movie
67%
TV Show 1982-1986 Diff'rent Strokes
33%
Film 2025 Plankton: The Movie
33%
Film 2024 Saving Bikini Bottom: The Sandy Cheeks Movie
33%
Film 1994 Serial Mom
33%
Video Game 2003 SpongeBob SquarePants: Battle for Bikini Bottom
33%
TV Show 2004-2005 That's So Raven
33%
Film 2025 The SpongeBob Movie: Search for SquarePants
33%
Film 2020 The SpongeBob Movie: Sponge on the Run
33%
TV Show 2011 2 Broke Girls
0%
Theater 2006 70, Girls 70
0%
TV Show 1986 ABC Weekend Specials
0%
Film 2001 Ablaze
0%
TV Show 1986 ALF
0%
Film 2001 All You Need
0%
Theater 1963 Along Came a Spider
0%
TV Show 2007 American Dad!
0%
Film 2010 Anderson's Cross
0%
Theater 1977 Annie Get Your Gun
0%
TV Show 2016 Bajillion Dollar Propertie$
0%
Film 1971 Bananas
0%
TV Film 1992 Battling for Baby
0%
Theater 1995-1996 Beauty and the Beast
0%
TV Special 1996 Beauty and the Beast: A Concert on Ice
0%
Film 2003 Beethoven's 5th
0%
Theater 2010 Bell, Book and Candle
0%
TV Show 2019 Better Things
0%
TV Show 1998 Beyond Belief: Fact or Fiction
0%
TV Show 2017 Billy Dilley's Super-Duper Subterranean Summer
0%
Commercial 1981 Black Flag Roach Motel
0%
Film 1980 Blood Beach
0%
TV Show 1994 Bobby's World
0%
TV Show 1984 Body Language
0%
TV Show 1993 Bonkers
0%
Documentary 2021 Broadway: Beyond the Golden Years
0%
Theater 1969-1970 Canterbury Tales
0%
Documentary 2012 Carol Channing: Larger Than Life
0%
TV Show 2009 Cold Case
0%
TV Show 2009 Days of Our Lives
0%
TV Show 2012 Desperate Housewives
0%
Short Film 2012 Did You Look for Work This Week?
0%
Theater 1972 Different Times
0%
TV Show 1992 Drexell's Class
0%
TV Show 1989 DuckTales
0%
Documentary Series 1998 E! True Hollywood Story
0%
TV Show 1997 Extreme Ghostbusters
0%
TV Show 1978 Fantasy Island
0%
Theater 1974 Fashion
0%
Film 1982 Flush
0%
Theater 2002 Follies
0%
TV Show 1981 Foul Play
0%
TV Show 1989-1990 General Hospital
0%
TV Show 1981 Gimme a Break!
0%
TV Show 2010 Glee
0%
TV Film 1984 Gone Are the Dayes
0%
TV Show 2020, 2021 Good Girls
0%
TV Show 2017 Great News
0%
TV Pilot 1977 Handle with Care
0%
Theater 1964-1970 Hello, Dolly!
0%
Film 2008 How to Be a Serial Killer
0%
TV Film 1976 How to Break Up a Happy Divorce
0%
Theater 1975 How to Succeed in Business Without Really Trying
0%
TV Show 2014 Instant Mom
0%
Web Series 2021-2024 Kamp Koral: SpongeBob's Under Years
0%
TV Show 2007 Kim Possible
0%
TV Show 1975 Kojak
0%
Web Special 2024 Kreepaway Kamp
0%
Film 1998 Legend of the Mummy
0%
Theater 1991 Lend Me a Tenor
0%
Film 2014 Let's Be Cops
0%
TV Show 2004 Lloyd in Space
0%
Film 2014 Lucky Stiff
0%
Theater 1972 Lysistrata
0%
Theater 1969 Mame
0%
TV Show 1976 M*A*S*H
0%
TV Show 1977 Maude
0%
TV Show 2013 Modern Family
0%
TV Show 1988 Mr. Belvedere
0%
TV Show 2013 Mr. Box Office
0%
TV Show 1987 Murder, She Wrote
0%
Video Game 2023 Nickelodeon All-Star Brawl 2
0%
Video Game 2025 Nicktoons & The Dice of Destiny
0%
TV Show 1989 Night Court
0%
Film 1982 O'Hara's Wife
0%
TV Show 1979 Out of the Blue
0%
TV Special 1976 Over and Out
0%
TV Show 1990 Over My Dead Body
0%
TV Mini-Series 2007 Pandemic
0%
Theater 1982 Play Me a Country Song
0%
TV Show 1976 Police Woman
0%
Theater 1969-1970 Promenade
0%
TV Show 1996 Quack Pack
0%
Film 2006 Red Riding Hood
0%
TV Show 2013 Rizzoli & Isles
0%
TV Show 1999 Rugrats
0%
TV Show 1994 Saved by the Bell: The New Class
0%
Film 1977 Semi-Tough
0%
TV Show 1980 Semi-Tough
0%
TV Show 1993, 1998 Sesame Street
0%
Film 1999 Shadows of the Past
0%
TV Show 2012 Shake It Up
0%
Theater 2006 Six Dance Lessons in Six Weeks
0%
Short Film 2001 Size 'Em Up
0%
Web Series 2017-2018 Slendybob
0%
Film 2009 Something Blue
0%
Theater 1972, 1986 Something's Afoot
0%
Video Game 2010 SpongeBob's Boating Bash
0%
Video Game 2020 SpongeBob SquarePants: Battle for Bikini Bottom - Rehydrated
0%
Film 2003 SpongeBob SquarePants: Bikini Bottom Bash
0%
Video Game 2006 SpongeBob SquarePants: Creature from the Krusty Krab
0%
Short Film 2002 SpongeBob SquarePants: Halloween
0%
Film 2011 SpongeBob SquarePants: Heroes of Bikini Bottom
0%
Video Game 2005 SpongeBob SquarePants: Lights, Camera, Pants!
0%
Film 2003 SpongeBob SquarePants: Lost at Sea
0%
Short Film 2002 SpongeBob SquarePants: Nautical Nonsense
0%
Video Game 2001 SpongeBob SquarePants: Operation Krabby Patty
0%
Film 2002 SpongeBob SquarePants: Sea Stories
0%
Film 2013 SpongeBob SquarePants: SpongeBob's Extreme Ka-ra-tay
0%
Film 2009 SpongeBob SquarePants: Spongicus
0%
Film 2004 SpongeBob SquarePants: Tales from the Deep
0%
Video Game 2023 SpongeBob SquarePants: The Cosmic Shake
0%
Video Game 2024 SpongeBob SquarePants: The Patrick Star Game
0%
Film 2004 SpongeBob SquarePants: The Seascape Capers
0%
Film 2005 SpongeBob SquarePants: Tide and Seek
0%
TV Show 1976, 1977 Starsky and Hutch
0%
TV Show 2007 State of Mind
0%
Film 2010 Surprise, Surprise
0%
Film 1982 The Beach Girls
0%
Film 2006 The Benchwarmers
0%
Film 1982 The Best Little Whorehouse in Texas
0%
TV Show 1997 The Blues Brothers Animated Series
0%
TV Show 1975 The Bob Newhart Show
0%
Theater 1973 The Boy Friend
0%
Film 1979 The Champ
0%
TV Show 1979 The Dukes of Hazzard
0%
Theater 2007, 2009 The Full Monty
0%
TV Show 2004 The Grim Adventures of Billy & Mandy
0%
TV Show 1977 The Hardy Boys/Nancy Drew Mysteries
0%
TV Show 2018 The Kids Are Alright
0%
TV Film 1969 The Littlest Angel
0%
TV Show 2015 The McCarthys
0%
TV Show 2013 The Mentalist
0%
Theater 1998 The Music Man
0%
TV Show 2016 The Odd Couple
0%
Theater 1973-1974, 1989 The Pajama Game
0%
TV Show 2021-2025 The Patrick Star Show
0%
TV Show 1992 The Powers That Be
0%
TV Show 1987 The Smurfs
0%
TV Show 1975 The Waltons
0%
Theater 2011 The Wedding Singer
0%
Web Series 2020-2023 Toca Life Stories
0%
Film 1997 Trading Favors
0%
TV Show 2017 Trial & Error
0%
TV Show 1979 Welcome Back, Kotter
0%
Film 2026 When the Moon Was Twice as Big
0%
TV Film 1980 Where the Ladies Go
0%
No matching quizzes found
Score Distribution
Percent of People with Each Score
Percentile by Number Answered
Your Score History
You have not taken this quiz